| 000 | 00353nam a22001097a 4500 | ||
|---|---|---|---|
| 999 |
_c2392 _d2392 |
||
| 005 | 20200914143505.0 | ||
| 008 | 200914b ||||| |||| 00| 0 eng d | ||
| 040 | _cCML | ||
| 245 |
_aAn Introduction to the Study of Map Projections. _cSteers, J.A. |
||
| 260 |
_aLondon _bUniversity of London Press Ltd _c1962 |
||
| 942 |
_2ddc _cBK _h526.8 _mSTE |
||